Strategic Interaction and Markets : (Record no. 592844)

MARC details
000 -LEADER
fixed length control field 00514nam a2200193 a 4500
008 - FIXED-LENGTH DATA ELEMENTS--GENERAL INFORMATION
fixed length control field 251023s1999##################000#0#eng##
020 ## - INTERNATIONAL STANDARD BOOK NUMBER
ISBN 9780198233411
082 04 - DEWEY DECIMAL CLASSIFICATION NUMBER
Classification number 658.6048
Item number GAB
100 1# - MAIN ENTRY--AUTHOR NAME
Personal name Gabszewicz, Jean Jaskold,
245 10 - TITLE STATEMENT
Title Strategic Interaction and Markets :
260 ## - PUBLICATION, DISTRIBUTION, ETC. (IMPRINT)
Name of publisher Oxford University Press, USA,
Year of publication 1999.
300 ## - PHYSICAL DESCRIPTION
Number of Pages 98 pages
650 #0 - SUBJECT ADDED ENTRY--TOPICAL TERM
Topical Term Business & Economics.
942 ## - ADDED ENTRY ELEMENTS (KOHA)
Koha item type English Books

No items available.

Find us on the map